Planning manifesto (Record no. 108739)

MARC details
000 -LEADER
fixed length control field 01830cad a22002295a 4500
001 - CONTROL NUMBER
control field L145267
008 - FIXED-LENGTH DATA ELEMENTS--GENERAL INFORMATION
fixed length control field 110419s20080916xxk f 000 0 eng d
035 ## - SYSTEM CONTROL NUMBER
System control number (Sirsi) u145267
041 0# - LANGUAGE CODE
Language code of text/sound track or separate title eng
050 04 - LIBRARY OF CONGRESS CALL NUMBER
Classification number 711.1 $2 18
110 2# - MAIN ENTRY--CORPORATE NAME
Corporate name or jurisdiction name as entry element British Property Federation
9 (RLIN) 1604
245 00 - TITLE STATEMENT
Title Planning manifesto
Remainder of title making planning work
Medium [electronic resource]
260 ## - PUBLICATION, DISTRIBUTION, ETC.
Place of publication, distribution, etc. London
Name of publisher, distributor, etc. BPF
Date of publication, distribution, etc. 2008
505 2# - FORMATTED CONTENTS NOTE
Formatted contents note The issues: resources; skills; process -- Our recommendations: improve recruitment and retention; let planners get on with planning; outsource mainstream planning functions; accept property industry funding for planning resources; make councillor training mandatory; pool resources; incentivise local authorities to promote development; use tax increment financing to fund infrastructure; reduce information required to support planning applications; speed up the contribution from stautory consultees; improve and incentivise pre-application discussions; planning appeals should concentrate on the reasons for refusal -- What the BPF will do
520 ## - SUMMARY, ETC.
Summary, etc. This note offers advice for reforms to the existing planning system, suggesting that the government has not been receptive to calls for wholescale changes to the legislative framework as it stands. Promotes a range of key topics where the current system could be reformed and offers to support such change with the provision of information, as well as the engagement of the British Property Federation with a wide range of stakeholders in any consultative process.
521 ## - TARGET AUDIENCE NOTE
Target audience note Advanced
590 ## - LOCAL NOTE (RLIN)
Local note KA
651 #4 - SUBJECT ADDED ENTRY--GEOGRAPHIC NAME
Geographic name England and Wales
Chronological subdivision 1543-
690 ## - LOCAL SUBJECT ADDED ENTRY--TOPICAL TERM (OCLC, RLIN)
Topical term or geographic name as entry element Planning and development
9 (RLIN) 6259
856 40 - ELECTRONIC LOCATION AND ACCESS
Uniform Resource Identifier <a href="https://www.bpf.org.uk/en/files/bpf_documents/planning/Planning_Manifesto_2008_-_A4_Final.pdf ">https://www.bpf.org.uk/en/files/bpf_documents/planning/Planning_Manifesto_2008_-_A4_Final.pdf </a>
Public note View the item free of charge online at www.bpf.org.uk
942 ## - ADDED ENTRY ELEMENTS (KOHA)
Suppress in OPAC 0
Holdings
Withdrawn status Lost status Source of classification or shelving scheme Damaged status Not for loan Home library Current library Shelving location Date acquired Total Checkouts Full call number Barcode Date last seen Copy number Price effective from Koha item type
    Dewey Decimal Classification     Virtual Virtual Online 22/09/2008   ONLINE PUBLICATION 145267-1001 06/08/2019 1 06/08/2019 Book